000 01597cab a2200277 4500
001 ABS68773
008 050214n2005 000 0 eng u
035 _a(Sirsi) u128762
245 _aMarket renewal and regeneration special
260 _c2005
490 _aInside Housing
_v22(4) 28 January 2005, 20-34(13)
520 _aBrings together articles on aspects of urban regeneration and renewal. In "Urban effect" David Blackman assesses whether the ambitions of the urban white paper "Our towns and cities: the future: delivering an urban renaissance" (ISBN 0101491123), have been fulfilled five years after its publication. Keith Cooper in "Clearance to move" visits the scene of the local market renewal pathfinders demolition plans on Merseyside and looks at the relocation packages on offer across northern England and the Midlands. In "Cutting edge" David Blackman discovers that the market renewal pathfinders are under real pressure to achieve the fundamental changes demanded by the government programme. Mike Lloyd in "Work in progress" scrutinises the Scottish Executive's regeneration record and looks at the activities of the pathfinder urban regeneration companies at Raploch, Craigmillar and Clydebank.
590 _aABS
650 _aURBAN REGENERATION
650 _aBROWNFIELD DEVELOPMENT
650 _aECONOMIC GROWTH
650 _aMARKET RENEWAL PATHFINDER AREAS
650 _aNORTHERN ENGLAND
650 _aMIDLANDS
650 _aSCOTLAND
690 _aREGENERATION
700 _aBlackman, D.
700 _aCooper
_K.
700 _aLloyd, M.
942 _n0
999 _c74791
_d74791